Word Ladder: Let It Be Quiz Stats

 Plays Quiz Updated Apr 11, 2019

Score 0/22 Timer 03:00
5 Plays Today
Clue Word % Correct
Place to deposit moneyBANK
97.2%
Three Blind ____MICE
97.1%
Lion's soundROAR
96.9%
Taste associated with lemonSOUR
96.1%
Fly like an eagleSOAR
96%
The Beatles, e.g.BAND
95.3%
☆ 'The [Rung 3] and Winding ____' ☆• ROAD •
94.9%
☆ 'The ____ and Winding [Rung 16]' ☆• LONG •
94.3%
Solitary; soloLONE
94%
QueueLINE
93.6%
Mardi Gras necklace componentBEAD
93.6%
Clue Word % Correct
Curve or angleBEND
92.7%
Peruse textREAD
92.3%
☆ 'I Me ____' ☆• MINE •
92.3%
Medieval bludgeoning weaponMACE
91.4%
☆ 'Get ____' ☆• BACK •
89.6%
Early tennis video gamePONG
87.9%
Bobby Darin's knife?MACK
87.7%
Speak indistinctly; insultSLUR
75%
'Song 2' groupBLUR
59.9%
☆ 'For You ____' ☆• BLUE •
50.7%
☆ 'Dig a ____' ☆• PONY •
40.3%

Today's Daily Dose

You're not logged in!

Compare scores with friends on all Sporcle quizzes.
OR
Log In

Show Comments

Extras

Top Quizzes Today


Score Distribution

Your Account Isn't Verified!

In order to create a playlist on Sporcle, you need to verify the email address you used during registration. Go to your Sporcle Settings to finish the process.

Report this User

Report this user for behavior that violates our Community Guidelines.

Details: